¿Por qué soy todavía cristiano? ¿Por qué permanezco en la Iglesia?
Guardat en:
| Autor principal: | |
|---|---|
| Altres autors: | |
| Format: | Llibre |
| Idioma: | anglès |
| Publicat: |
Salamanca, España:
Ediciones Sígueme,
2005.
|
| Matèries: | |
| Etiquetes: |
Afegir etiqueta
Sense etiquetes, Sigues el primer a etiquetar aquest registre!
|
MARC
| LEADER | 00000nam a22000007a 4500 | ||
|---|---|---|---|
| 003 | CL-VaPUC | ||
| 005 | 20250103100420.0 | ||
| 008 | 230726t2005 ||||| |||| 00| 0 eng d | ||
| 999 | |c 441423 |d 441421 | ||
| 020 | |a 84-301-1570-6 | ||
| 040 | |c Pontificia Universidad Católica de Valparaíso | ||
| 082 | |2 22 |a 239 BAL 2005 | ||
| 100 | |a Balthasar, Hans Urs von |e autor |9 374894 | ||
| 245 | |a ¿Por qué soy todavía cristiano? ¿Por qué permanezco en la Iglesia? | ||
| 260 | |a Salamanca, España: |b Ediciones Sígueme, |c 2005. | ||
| 300 | |a 113 páginas. | ||
| 500 | |a c.1 Donación Sr. Jorge Precht Pizarro. 26-05-23. Biblioteca Teología. | ||
| 583 | |c 20230726 |k Yessy Sthefany Diaz Vidal | ||
| 600 | 0 | |9 866206 |a Benedicto XVI, Papa, |d 1927-2022 |q Ratzinger, Joseph |x Teología cristiana | |
| 650 | 0 | |a Apologética |x Defensa del cristianismo |y Siglo 20 |9 269349 | |
| 650 | 0 | |a Iglesia Católica |x Creencia |y Siglo 20 |9 256114 | |
| 700 | |9 314573 |a Ratzinger, Joseph |e autor | ||
| 942 | |2 ddc |c BK | ||
| 952 | |0 0 |1 0 |2 ddc |4 0 |6 239_000000000000000_BAL_2005 |7 0 |8 A |9 590974 |a BIBTEO |b BIBTEO |c GEN |d 2023-07-26 |e Donación |i 5658155 |o 239 BAL 2005 |p 5658155 |r 2025-01-17 |t 1 |w 2023-07-26 |y BK |k ICR | ||